| 000 | 00349nab a22001097u 4500 | ||
|---|---|---|---|
| 008 | 130520b1989 xxu||||| |||| 00| 0 spa d | ||
| 041 | _aspa | ||
| 100 | 1 |
_aZimmerli, Walther _910507 |
|
| 245 | 0 | 0 |
_a¿Admite la ética una tecnificación de la naturaleza? _cWalther Zimmerli |
| 773 | 0 |
_tConcilium _gV.1,1989,págs.523-537 _x0210-1041 _wRev134 |
|
| 942 | _cAR | ||
| 999 |
_c355478 _d355478 |
||